Biblioteca ESET

Educación sexual integral (Registro nro. 874)

Detalles MARC
000 -CABECERA
fixed length control field 01841aam a2200397 a 4500
001 - NUMERO DE CONTROL
control field 001563831
003 - CONTROL NUMBER IDENTIFIER
control field AR-BeUNQ
005 - FECHA Y HORA DE LA ULTIMA TRANSACCION
control field 20260505223114.0
007 - CAMPO FIJO DE DESCRIPCION FIJA - INFORMACION GENERAL
fixed length control field cr cn ||||||||
008 - ELEMENTOS DE LONGITUD FIJA-INFORMACION GENERAL
fixed length control field 230724s2021 ag ao gsf f001 0 spa
015 ## - NATIONAL BIBLIOGRAPHY NUMBER
National bibliography number AR-2021
020 ## - NUMERO INTERNACIONAL NORMALIZADO PARA LIBROS
Número Internacional Normalizado del libro 9789500015301
040 ## - FUENTE DE CATALOGACION
Agencia de catalogación original AR-BeUNQ
Idioma de catalogación ESPAÑOL
Convenciones de la descripción aacr
Agencia que realiza la transcripción AR-BeUNQ
043 ## - GEOGRAPHIC AREA CODE
Geographic area code s-ag---
044 ## - COUNTRY OF PUBLISHING/PRODUCING ENTITY CODE
MARC country code ag
ISO country code ar-c
082 ## - NUMERO DE CLASIFICACION DECIMAL DEWEYMBER
Número de clasificación 371.1
Número de la edición 21
245 00 - MENCION DE TITULO
Título Educación sexual integral
250 ## - MENCION DE EDICION
Mención de edición 1a ed.
260 ## - PUBLICACION, DISTRIBUCION, ETC.
Lugar de publicación, distribución, etc. Buenos Aires :
Nombre del editor, distribuidor, etc. Ministerio de Educación,
Fecha de publicación, distribución, etc 2021.
300 ## - DESCRIPCION FISICA
Extensión 93 p. :
Otros detalles físicos il., fot. ;
Dimensiones 21 cm.
490 1# - MENCION DE SERIE
Mención de serie Colección Derechos Humanos, Género y ESI en la Escuela
504 ## - NOTA DE BIBLIOGRAFIA, ETC.
Nota de bibliografía, etc. Bibliografía: p. 91-93
505 2# - NOTA DE CONTENIDO
Nota de contenido con formato preestablecido 1. Introducción -- 2. ¿De qué hablamos cuando hablamos de derechos de ESI? -- 3. La ESI como política de estado -- 4.Derechos, activismos y experiencias colectivas de ESI -- 5. La ESI en el aula -- 6. Propuestas de actividades para trabajar la ESI en el aula -- 7. Recursero.
530 ## - NOTA DE FORMATO FISICO ADICIONAL DISPONIBLE
Nota de formato físico adicional disponible También disponible en formato digital.
650 #7 - ASIENTO SECUNDARIO DE MATERIA - TERMINO TEMATICO
Término temático o nombre geográfico como elemento de entrada Derechos Humanos
Fuente del encabezamiento o términ spines
653 ## - TERMINO DE INDIZACION - NO CONTROLADO
Término de indización no controlado Educación sexual integral
653 ## - TERMINO DE INDIZACION - NO CONTROLADO
Término de indización no controlado Formación docente
710 1# - ASIENTO SECUNDARIO - NOMBRE CORPORATIVO
Nombre corporativo o de jurisdicción como elemento de entradantry element Argentina.
Unidad subordinada Ministerio de Educación
Relator term entidad responsable
Relationship isb
830 #0 - ASIENTO SECUNDARIO DE SERIE--TITULO UNIFORME
Título uniforme Derechos Humanos, Género y ESI en la Escuela (Ministerio de Educación)
856 ## - LOCALIZACION Y ACCESO ELECTRONICOS
Public note Obra completa en PDF
Identificador Uniforme del Recurso <a href="https://www.educ.ar/recursos/158053/educacion-sexual-integral">https://www.educ.ar/recursos/158053/educacion-sexual-integral</a>
929 1# - DATOS DE ADQUISICION
Procedencia DONACION
Proveedor Ministerio de Educación de la Nación
Precio 200,00
Fecha de recibido 20230629
Patrimonio UNQ PAT0080221
Es copia 1
Número de inventario 61359
929 ## - DATOS DE ADQUISICION
Procedencia DONACION
Proveedor Ministerio de Educación de la Nación
Precio 0
Fecha de recibido 20230629
Patrimonio UNQ PAT0082173
Número de inventario 59599
Es copia 3
929 ## - DATOS DE ADQUISICION
Procedencia DONACION
Proveedor Ministerio de Educación de la Nación
Precio 200,00
Fecha de recibido 20230629
Patrimonio UNQ PAT0080222
Es copia 2
Número de inventario 61360
929 ## - DATOS DE ADQUISICION
Procedencia DONACION
Proveedor Ministerio de Educación de la Nación
Precio 0
Fecha de recibido 20230629
Patrimonio UNQ PAT 0082168
Es copia 4
Número de inventario 61712
942 ## - ELEMENTOS DE PUNTO DE ACCESO ADICIONAL (KOHA)
Tipo de ítem Koha Libros
Suppress in OPAC 0
Existencias
Estado de retiro Estado de pérdida Ubicación permanente Ubicación actual Ubicación en estantería Fecha de ingreso Signatura topográfica completa Inventario Date last seen Número de copia Tipo de ítem Koha Operador Total Checkouts
    Biblioteca ESET - UNQ Biblioteca ESET - UNQ CIRCULACION 09/08/2022 371.EDU 59599 09/09/2023 1 Libros Gladys Alarcon  
    Biblioteca ESET - UNQ Biblioteca ESET - UNQ SALA 09/08/2022 371.EDU 61359 09/09/2023 2 Libros Gladys Alarcon  
    Biblioteca ESET - UNQ Biblioteca ESET - UNQ CIRCULACION 09/08/2022 371.EDU 61360 09/09/2023 3 Libros    
    Biblioteca ESET - UNQ Biblioteca ESET - UNQ CIRCULACION 05/10/2023 371 EDU 61510 05/10/2023 4 Libros Gladys Alarcon  
    Biblioteca ESET - UNQ Biblioteca ESET - UNQ CIRCULACION 23/02/2026 371.1 EDU 61712 23/02/2026 5 Libros Gladys Alarcon  

ESET UNQ

☏ 4365-7188
 Avenida República de Francia 1714 entre Doctor Kenny y Concordia, Ezpeleta, Bs As.
✉ secretaria_eset@unq.edu.ar

Con tecnología Koha